Commercial ship surveying : (Record no. 3370)

000 -LEADER
fixed length control field 05359cam a2200517 i 4500
006 - FIXED-LENGTH DATA ELEMENTS--ADDITIONAL MATERIAL CHARACTERISTICS--GENERAL INFORMATION
fixed length control field m o d
007 - PHYSICAL DESCRIPTION FIXED FIELD--GENERAL INFORMATION
fixed length control field cr |||||||||||
008 - FIXED-LENGTH DATA ELEMENTS--GENERAL INFORMATION
fixed length control field 151119s2015 ne a ob 001 0 eng d
015 ## - NATIONAL BIBLIOGRAPHY NUMBER
National bibliography number GBB5H1615
Source bnb
016 7# - NATIONAL BIBLIOGRAPHIC AGENCY CONTROL NUMBER
Record control number 017635139
Source Uk
020 ## - INTERNATIONAL STANDARD BOOK NUMBER
International Standard Book Number 9780081003046
Qualifying information (electronic bk.)
020 ## - INTERNATIONAL STANDARD BOOK NUMBER
International Standard Book Number 0081003048
Qualifying information (electronic bk.)
020 ## - INTERNATIONAL STANDARD BOOK NUMBER
International Standard Book Number 008100303X
Qualifying information (Trade Paper)
020 ## - INTERNATIONAL STANDARD BOOK NUMBER
International Standard Book Number 9780081003039
020 ## - INTERNATIONAL STANDARD BOOK NUMBER
Qualifying information (pbk.)
040 ## - CATALOGING SOURCE
Original cataloging agency IMU Kochi Library
Language of cataloging eng
041 0# - LANGUAGE CODE
Language code of text/sound track or separate title eng
082 04 - DEWEY DECIMAL CLASSIFICATION NUMBER
Classification number 623.82450287
Edition number 23
100 1# - MAIN ENTRY--PERSONAL NAME
Personal name Karanassos, Harry Alexander,
245 10 - TITLE STATEMENT
Title Commercial ship surveying :
Sub Title on/off hire condition surveys & bunker surveys /
300 ## - PHYSICAL DESCRIPTION
Extent 1 online resource :
Other physical details illustrations
505 0# - FORMATTED CONTENTS NOTE
Formatted contents note Front Cover; Commercial Ship Surveying: On/Off-Hire Condition Surveys and Bunker Surveys; Copyright; Contents; List of Figures; List of Tables; Acknowledgments; Bimco; CargoTech-Macgrecor; Coolerado; Hamburg Sud; Iacs; Imo; Lloyd's Register Foundation Information Centre Library; Parker-Kittiwake; Rolls Royce; TEC Container; Foreword; Syst�Eme International D'Unites: [SI]; List of Abbreviations and Acronyms; Introduction; Chapter 1: The Shipping Industry; Getting Started: Ship Types; Dry Cargo Ships; Bulk Cargo Ships; Liquid Cargo Ships; Gas Cargo Ships; Special Services Ships.
505 8# - FORMATTED CONTENTS NOTE
Formatted contents note Novel Design ShipsPassenger Ships; Description of Ship Types: More Details; Dry Cargo Ships: General Cargo Ships; Dry Cargo Ships: Container Ships; Dry Cargo Ships: RO-RO Ships; Dry Cargo Ships: Multipurpose Ships; Dry Cargo Ships: Refrigerated Cargo Ships (Reefers); Dry Cargo Ships: Dry Bulk Carriers; Dry Cargo Ships: OBO Carriers; Special Services Ships: High Speed Crew Boats and Launches; Special Services Ships: Coastal Ships; Special Services Ships: Harbor Motor Tugs; Special Services Ships: Deep Sea Tugs (Figure 15); Special Services Ships: AHTS Vessels (Figures 16 and 17).
505 8# - FORMATTED CONTENTS NOTE
Formatted contents note Special Services Ships: Icebreakers (Figure 18)Special Services Ships: Fishing Vessels; Special Services Ships: Barges (Figure 21); Special Services Ships: Heavy Lift and Semisubmercible Ships; Special Services Ships: Ocean Cruise Ships; Chapter 2: Ship Stability, Freeboard, and Common Terms; Ship Stability; Freeboard and Load Line; Common Terms; Chapter 3: Shipbuilding Basics and Strength of Ships; Shipbuilding Requirements; Forces Acting on a Ship; Forces Acting on a Ship at Sea; Main Structural Parts of a Ship; Ships' Classification Societies and IMO; Classification Societies.
505 8# - FORMATTED CONTENTS NOTE
Formatted contents note International Maritime Organization (IMO)Ship's Certificates; List of Certificates and Documents Required to Be Carried on Board Ships, 2013; Chapter 4: On-Hire and Off-Hire Condition Surveys; GENTIME -The Dry Cargo Time Charter Party; Quote; Unquote; Quote; Unquote; On-Hire/Off-Hire Condition Surveys: An Overview; Personal Safety; Surveyor's Equipment and Tools; Surveys in Drydock; Class Surveys in Drydock; Chapter 5: Case File Management and Commencement of Survey; Receipt of a Survey-Application; Confirming Survey Attendance; Planning and Preparing for the Survey; Commencement of Survey.
505 8# - FORMATTED CONTENTS NOTE
Formatted contents note Row Description 1 Row Description 2 ; Row Description 3 ; Row Description 4 ; Sequence of Inspection of Ship Parts -- PART 1; Sequence of Inspection of Ship Parts -- PART 2; Coating Breakdown and Corrosion; Chapter 6: Ship Parts: Group 1; Keel; Description; Inspection; Double Bottom; Description; Inspection; Description; Inspection; Bow and Fore End Structure/Stem, Fore Peak Tank, and Hawsepipes; Description; Inspection; Stern and After End Structure, After Peak Tank; Description; Inspection; Stern Frame Rudder; Description; Inspection; Hull Marine Coatings; Description.
520 ## - SUMMARY, ETC.
Summary, etc Commercial Ship Surveying: On/Off Hire Condition Surveys and Bunker Surveys provides guidance on the complete survey process, what should be done to prepare, and what constitutes good practice, all completely detailed so that the process can be executed quickly and efficiently. In addition to the surveying process, the book describes supplementary topics, such as the vessels likely encountered, the gear and rigging involved, and the special techniques necessary. The book is well-researched, with plenty of practical examples and photographic references, explaining not only what is expected to happen during surveys, but also how marine surveyors and ships' officers are expected to perform, if, and when, they become involved with this work. Dedicated to detail, this book ensures that the reader clearly understands each step of the surveying process.
504 ## - BIBLIOGRAPHY, ETC. NOTE
Bibliography, etc Includes bibliographical references and index.
650 #0 - SUBJECT ADDED ENTRY--TOPICAL TERM
Topical term or geographic name as entry element Ships
General subdivision Inspection.
650 #0 - SUBJECT ADDED ENTRY--TOPICAL TERM
Topical term or geographic name as entry element Cargo ships.
650 #6 - SUBJECT ADDED ENTRY--TOPICAL TERM
Topical term or geographic name as entry element Navires
General subdivision Inspection.
650 #6 - SUBJECT ADDED ENTRY--TOPICAL TERM
Topical term or geographic name as entry element Cargos.
650 #7 - SUBJECT ADDED ENTRY--TOPICAL TERM
Topical term or geographic name as entry element cargo vessels.
Source of heading or term aat
650 #7 - SUBJECT ADDED ENTRY--TOPICAL TERM
Topical term or geographic name as entry element Cargo ships.
Source of heading or term fast
650 #7 - SUBJECT ADDED ENTRY--TOPICAL TERM
Topical term or geographic name as entry element Ships
General subdivision Inspection.
Source of heading or term fast
852 ## - LOCATION/CALL NUMBER
Location IMU Kochi Library
856 ## - ELECTRONIC LOCATION AND ACCESS
Uniform Resource Identifier <a href="https://www.sciencedirect.com/science/book/9780081003039">https://www.sciencedirect.com/science/book/9780081003039</a>
904 ## - LOCAL DATA ELEMENT D, LDD (RLIN)
CATALOGER Rudra Ranjan
905 ## - LOCAL DATA ELEMENT E, LDE (RLIN)
VERIFIER Rudra Ranjan
942 ## - ADDED ENTRY ELEMENTS (KOHA)
Item type E-Book
264 #1 -
-- Amsterdam :
-- Butterworth-Heinemann,
-- 2015.
338 ## -
-- online resource
650 #6 - SUBJECT ADDED ENTRY--TOPICAL TERM
-- (CaQQLa)201-0148643
650 #6 - SUBJECT ADDED ENTRY--TOPICAL TERM
-- (CaQQLa)201-0031928
650 #7 - SUBJECT ADDED ENTRY--TOPICAL TERM
-- (CStmoGRI)aat300212694
650 #7 - SUBJECT ADDED ENTRY--TOPICAL TERM
-- (OCoLC)fst00847405
650 #7 - SUBJECT ADDED ENTRY--TOPICAL TERM
-- (OCoLC)fst01116524

No items available.



Copyright © All Rights Reserved by Indian Maritime University, Kochi Campus.
For any Suggestions/Query Contact to library or Email: library.kochi@imu.ac.in Ph:(0484)-2989402
(Web OPAC Designed by Rudra Ranjan. Maintained by IMU Kochi Library)

Powered by Koha